000
00326nam a22001337a 4500
008
250801b |||||||| |||| 00| 0 eng d
020
_a
0932877060
050
_a
HE5001
_b
.Y34
100
_a
YAGER Dexter R.
245
_a
The Business Handbook
260
_a
U.S.A.
_b
Internet Service Corp
_c
1985
300
_a
506p.
942
_c
BK
999
_c
4416
_d
4416